Normal view MARC view

Entry Nombre personal

Number of records used in: 1

001 - NÚMERO DE CONTROL

  • campo de control: 103264

003 - IDENTIFICADOR DE NÚMERO DE CONTROL

  • campo de control: SpMaBN

005 - FECHA Y HORA DE LA ÚLTIMA TRANSACCIÓN

  • campo de control: 20250817062142.0

008 - ELEMENTOS DE DATO DE LONGITUD-FIJA

  • campo de control de longitud fija: 010212nn aijnnaabn a aaa

016 ## - NÚMERO DE CONTROL DE UNA AGENCIA BIBLIOGRÁFICA NACIONAL

  • Número de control del registro: BNE20011099582

024 7# - IDENTIFICADOR DE OTROS ESTÁNDARES

  • Número estándar o código: https://isni.org/isni/0000000118341223
  • Fuente: isni

024 7# - IDENTIFICADOR DE OTROS ESTÁNDARES

  • Número estándar o código: http://viaf.org/viaf/169405591/
  • Fuente: viaf

040 ## - FUENTE DE CATALOGACIÓN

  • Centro catalogador/agencia de origen: SpMaBN
  • Lengua de catalogación: spa
  • Centro/agencia transcriptor: SpMaBN
  • Normas de descripción: rdc
  • Convención/Normas de encabezamiento de materia/tesauro: embne

046 ## - FECHAS CON CODIFICACIÓN ESPECIAL

  • Fecha de nacimiento: 1923-11-07

100 1# - ENCABEZAMIENTO-NOMBRE DE PERSONA

  • Nombre de persona: Santaló, Isabel,
  • Fechas asociadas al nombre: 1923-2017

370 ## - LUGAR ASOCIADO

  • Lugar de nacimiento: España, Andalucía, Córdoba (Provincia), Córdoba
  • Fuente del término: embne

374 ## - OCUPACIÓN

  • Ocupación: Artistas
  • Ocupación: Pintoras
  • Fuente del término: embne

375 ## - GÉNERO/SEXO

  • Género: Femenino

400 1# - TRAZADO DE VÉASE--NOMBRE DE PERSONA

  • Nombre de persona: Martínez Ruiz, Isabel,
  • Fechas asociadas al nombre: 1923-2017

670 ## - FUENTE DE DATOS ENCONTRADOS

  • Cita de la fuente: Isabel Santaló o <<La moral construida>>, 1958
  • Información encontrada: p. 4 de la cub. (Isabel Santaló es el nombre artístico de Isabel Martínez Ruiz)

670 ## - FUENTE DE DATOS ENCONTRADOS

  • Cita de la fuente: Isabel Santaló: su camino hacia la abstracción, 2007
  • Información encontrada: port. (Isabel Santaló) p. 21, etc. (n. en Córdoba; pintora)

670 ## - FUENTE DE DATOS ENCONTRADOS

  • Cita de la fuente: WWW de la artista, 18-02-2019
  • Información encontrada: (Isabel Martínez Ruíz, conocida como Isabel Santaló, nace en Córdoba el 7 de noviembre de 1923. ealiza sus primeros estudios en el Centro de Artes y Oficios de Córdoba que amplia posteriormente en La Escuela Superior de Bellas Artes de Santa Isabel de Hungría en Sevilla, y en la de San Fernando en Madrid)